[Event "M.Chigorin Memorial 2017 "]
[Site "?????-?????????"]
[Date "2017.10.21"]
[Round "1"]
[Board "101"]
[White "Davtyan, Artur"]
[Black "Pavlov, Mikhail"]
[Result "0-1"]
[WhiteElo "2318"]
[BlackElo "1849"]
[PlyCount "62"]
[EventDate "2017.10.21"]
[EventRounds "9"]
[EventCountry "RUS"]

1. c4 e6 2. Nf3 d5 3. d4 Nf6 4. Nc3 Be7 5. Bf4 O-O 6. e3 Nbd7 7. c5 Nh5 8. Bd3
Nxf4 9. exf4 b6 10. b4 a5 11. a3 c6 12. Qb1 Kh8 13. h4 Qc7 14. g3 Ba6 15. Bxh7
axb4 16. axb4 bxc5 17. Ng5 cxd4 18. Bg8 Nf6 19. Bxf7 dxc3 20. Nxe6 Qb7 21. Qg6
Rxf7 22. Qxf7 Rg8 23. Nc5 Qxb4 24. Rxa6 c2+ 25. Ke2 Bxc5 26. Rxc6 Qe4+ 27. Kd2
Bb4+ 28. Kc1 Qxh1+ 29. Kxc2 Qe4+ 30. Kb3 Ba5 31. Qa7 Qb4+  0-1

[Event "M.Chigorin Memorial 2017 "]
[Site "?????-?????????"]
[Date "2017.10.21"]
[Round "1"]
[Board "102"]
[White "Yurasova, Daria"]
[Black "Xu, Minghui"]
[Result "1/2-1/2"]
[WhiteElo "1849"]
[BlackElo "2318"]
[PlyCount "129"]
[EventDate "2017.10.21"]
[EventRounds "9"]
[EventCountry "RUS"]

1. d4 Nf6 2. Bg5 g6 3. Bxf6 exf6 4. g3 Bg7 5. Bg2 d5 6. e3 c6 7. Ne2 O-O 8. O-O
Nd7 9. Nd2 f5 10. c4 dxc4 11. Nxc4 Nf6 12. Nc3 Re8 13. Qc2 Qe7 14. Ne5 Be6 15.
Nd3 h5 16. Nc5 h4 17. Rfe1 Rad8 18. Rad1 Bc8 19. b4 hxg3 20. hxg3 Ng4 21. b5
cxb5 22. Nxb5 b6 23. Nd3 Bb7 24. Bxb7 Qxb7 25. Qc7 Qd5 26. Nxa7 Bh6 27. Nc6 Rd7
28. Ncb4 Qxd4 29. exd4 Rxe1+ 30. Rxe1 Rxc7 31. Nd5 Rd7 32. N3b4 Kf8 33. Re2 Bg7
34. Nxb6 Rxd4 35. N6d5 f4 36. gxf4 Nf6 37. Nxf6 Bxf6 38. Nc2 Rxf4 39. Ne3 Ra4
40. Kg2 Kg7 41. Rc2 Be5 42. Re2 Bd4 43. Nf1 f5 44. Rc2 Kf6 45. Nd2 Ba7 46. Nf3
Ra6 47. Nd2 Kg5 48. Nf3+ Kh5 49. Rc7 Kh6 50. Rc2 g5 51. Ne5 Kh5 52. Rc7 g4 53.
Rh7+ Kg5 54. Rg7+ Kf4 55. Ng6+ Ke4 56. Re7+ Kd5 57. Nf4+ Kc4 58. Re5 Rxa2 59.
Rxf5 Bxf2 60. Ng6 Be1+ 61. Kf1 g3 62. Kxe1 Ra1+ 63. Ke2 g2 64. Ne5+ Kb3 65. Nf3
 1/2-1/2

[Event "M.Chigorin Memorial 2017 "]
[Site "?????-?????????"]
[Date "2017.10.21"]
[Round "1"]
[Board "103"]
[White "Timerkhanov, Alexander"]
[Black "Shadunts, Kirill"]
[Result "1-0"]
[WhiteElo "2312"]
[BlackElo "1845"]
[PlyCount "33"]
[EventDate "2017.10.21"]
[EventRounds "9"]
[EventCountry "RUS"]

1. d4 d5 2. Nf3 Nf6 3. g3 c5 4. Bg2 Nc6 5. O-O Bf5 6. c4 e6 7. Nc3 Nb4 8. Bg5
h6 9. Bxf6 gxf6 10. cxd5 exd5 11. a3 Nc2 12. Rc1 cxd4 13. Nxd4 Nxd4 14. Qxd4
Be7 15. Nxd5 O-O 16. Qf4 Be6 17. Rfd1  1-0

[Event "M.Chigorin Memorial 2017 "]
[Site "?????-?????????"]
[Date "2017.10.21"]
[Round "1"]
[Board "104"]
[White "Thrish, Karthik"]
[Black "Donskov, Anatoly"]
[Result "1-0"]
[WhiteElo "1843"]
[BlackElo "2308"]
[PlyCount "65"]
[EventDate "2017.10.21"]
[EventRounds "9"]
[EventCountry "RUS"]

1. e4 c5 2. Nf3 d6 3. b3 Nf6 4. d3 g6 5. Bb2 Bg7 6. Nbd2 O-O 7. Be2 Nc6 8. O-O
Nh5 9. Bxg7 Kxg7 10. g3 e5 11. Nc4 f5 12. exf5 Bxf5 13. Nh4 Bh3 14. Bxh5 gxh5
15. Qxh5 Bxf1 16. Rxf1 b5 17. Ne3 Qf6 18. f4 exf4 19. Nef5+ Kh8 20. Rxf4 Ne5
21. Ne3 Qe6 22. Nhf5 Rae8 23. Rh4 Qg6 24. Qxg6 Nxg6 25. Re4 Rxe4 26. dxe4 Rd8
27. Nd5 Kg8 28. Kf2 Kf7 29. Ke3 Rd7 30. h4 Ke6 31. h5 Ne5 32. Kf4 Rf7 33. g4 {
unreadable}  1-0

[Event "M.Chigorin Memorial 2017 "]
[Site "?????-?????????"]
[Date "2017.10.21"]
[Round "1"]
[Board "105"]
[White "Remizov, Yaroslav"]
[Black "Aga, Rihard"]
[Result "0-1"]
[WhiteElo "2306"]
[BlackElo "1842"]
[PlyCount "98"]
[EventDate "2017.10.21"]
[EventRounds "9"]
[EventCountry "RUS"]

1. e4 c6 2. d4 d5 3. Nc3 dxe4 4. Nxe4 Bf5 5. Ng3 Bg6 6. Bc4 e6 7. N1e2 Nf6 8.
O-O Bd6 9. f4 O-O 10. f5 exf5 11. Nxf5 Ne4 12. Nxd6 Nxd6 13. Bb3 a5 14. c3 Bh5
15. Qd3 a4 16. Bc2 Bg6 17. Qd1 Bxc2 18. Qxc2 Re8 19. Ng3 Qd7 20. Bf4 b5 21. Qf2
f6 22. Rae1 Na6 23. Bxd6 Qxd6 24. Nf5 Qd7 25. Qf3 Nc7 26. Qg4 Kh8 27. h3 Nd5
28. a3 g6 29. Ne3 Qxg4 30. Nxg4 Kg7 31. Kf2 h5 32. Ne3 Nf4 33. Kf3 Nd5 34. Re2
Kf7 35. Rfe1 Re7 36. Nc2 Rae8 37. Rxe7+ Rxe7 38. Rc1 Ke6 39. Nb4 Nxb4 40. Re1+
Kd6 41. Rxe7 Kxe7 42. axb4 Ke6 43. Ke4 h4 44. d5+ cxd5+ 45. Kf4 g5+ 46. Kf3 Ke5
47. Ke3 f5 48. Kd3 g4 49. Ke3 f4+  0-1

[Event "M.Chigorin Memorial 2017 "]
[Site "?????-?????????"]
[Date "2017.10.21"]
[Round "1"]
[Board "106"]
[White "Strybuk, Artsiom I"]
[Black "Borisovsky, Dmitry"]
[Result "1/2-1/2"]
[WhiteElo "1834"]
[BlackElo "2304"]
[PlyCount "107"]
[EventDate "2017.10.21"]
[EventRounds "9"]
[EventCountry "RUS"]

1. e4 c5 2. Nf3 Nc6 3. d4 cxd4 4. Nxd4 Nf6 5. Nc3 d6 6. Be2 g6 7. O-O Bg7 8.
Nb3 O-O 9. Re1 Be6 10. Bg5 Rc8 11. Bf1 Ne5 12. Nd5 Bxd5 13. exd5 Qd7 14. c3 Qf5
15. Bh4 Nc4 16. Bxc4 Rxc4 17. Bxf6 Bxf6 18. a4 Rfc8 19. a5 a6 20. Re3 h5 21.
Qd3 Qd7 22. Nd2 Ra4 23. Ree1 Rc5 24. Nb3 Rcc4 25. Nd2 Rxa1 26. Rxa1 Ra4 27. Qf1
Rxa1 28. Qxa1 Qb5 29. h3 Qxd5 30. Nf1 Qb3 31. Nd2 Qd5 32. Nf1 e6 33. Qa4 Kg7
34. Ne3 Qd2 35. Qb4 Bg5 36. Qxb7 Bxe3 37. fxe3 Qxe3+ 38. Kf1 Qf4+ 39. Kg1 Qc1+
40. Kh2 Qf4+ 41. Kg1 Qe3+ 42. Kf1 Qd3+ 43. Kg1 e5 44. Qb6 Kf6 45. b4 Ke6 46. b5
e4 47. bxa6 e3 48. a7 e2 49. Qf2 Qd1+ 50. Kh2 e1=Q 51. Qxe1+ Qxe1 52. a8=Q Qe5+
53. Kh1 Qe1+ 54. Kh2  1/2-1/2

[Event "M.Chigorin Memorial 2017 "]
[Site "?????-?????????"]
[Date "2017.10.21"]
[Round "1"]
[Board "107"]
[White "Nazaretyan, Tigran"]
[Black "Shoshin, Kirill"]
[Result "1-0"]
[WhiteElo "2303"]
[BlackElo "1831"]
[PlyCount "87"]
[EventDate "2017.10.21"]
[EventRounds "9"]
[EventCountry "RUS"]

1. d4 Nf6 2. c4 e6 3. Nc3 Bb4 4. e3 O-O 5. Nge2 d5 6. a3 Bd6 7. c5 Be7 8. b4 b6
9. Ng3 a5 10. Rb1 c6 11. Qc2 axb4 12. axb4 bxc5 13. bxc5 e5 14. Be2 e4 15. O-O
Ba6 16. Qa4 Bb7 17. Qb4 Ba6 18. Ra1 Bxe2 19. Rxa8 Bxf1 20. Kxf1 Nfd7 21. Nge2
g5 22. Qb7 Qc8 23. Ra7 Qxb7 24. Rxb7 Rc8 25. f3 f5 26. Ng3 Rf8 27. fxe4 fxe4+
28. Ke2 Kf7 29. Bd2 Ke6 30. Be1 Nf6 31. Nf1 h5 32. Bg3 Nfd7 33. Nd2 h4 34. Bc7
Rc8 35. Na4 Bd8 36. Bd6 Be7 37. Bxe7 Kxe7 38. Nb6 Rf8 39. h3 Kd8 40. Nb3 Nxb6
41. cxb6 Nd7 42. Nc5 Rf7 43. Rxd7+ Rxd7 44. b7  1-0

[Event "M.Chigorin Memorial 2017 "]
[Site "?????-?????????"]
[Date "2017.10.21"]
[Round "1"]
[Board "108"]
[White "Zolotyh, Lev"]
[Black "Martynyuk, Elizaveta"]
[Result "0-1"]
[WhiteElo "1831"]
[BlackElo "2302"]
[PlyCount "60"]
[EventDate "2017.10.21"]
[EventRounds "9"]
[EventCountry "RUS"]

1. e4 c5 2. Nf3 Nc6 3. d4 cxd4 4. Nxd4 g6 5. Nc3 Bg7 6. Nb3 Nf6 7. Be2 d6 8.
O-O O-O 9. Be3 a6 10. a4 Be6 11. Nd4 Nxd4 12. Bxd4 Qa5 13. Qd3 Rac8 14. Rad1
Rc6 15. f4 Qb4 16. f5 Bc4 17. Qe3 e5 18. fxe6 fxe6 19. e5 dxe5 20. Bxe5 Bxe2
21. Qxe2 b5 22. axb5 axb5 23. h3 Qc4 24. Qe3 b4 25. b3 Qa6 26. Ne4 Nd5 27.
Rxf8+ Bxf8 28. Qg5 Qe2 29. Nf2 Rxc2 30. Rf1 Ne3  0-1

[Event "M.Chigorin Memorial 2017 "]
[Site "?????-?????????"]
[Date "2017.10.21"]
[Round "1"]
[Board "109"]
[White "Zhai, Mo"]
[Black "Kozlov, Mikhail"]
[Result "1-0"]
[WhiteElo "2300"]
[BlackElo "1813"]
[PlyCount "73"]
[EventDate "2017.10.21"]
[EventRounds "9"]
[EventCountry "RUS"]

1. d4 e6 2. c4 Nf6 3. Nf3 d5 4. Bg5 Nbd7 5. Nc3 Be7 6. e3 h6 7. Bh4 Ne4 8. Bxe7
Qxe7 9. Nxe4 dxe4 10. Nd2 f5 11. Qh5+ Qf7 12. Qxf7+ Kxf7 13. f3 exf3 14. Nxf3
e5 15. c5 exd4 16. Bc4+ Kg6 17. exd4 Re8+ 18. Kd2 Nf6 19. Rae1 Re4 20. Bd3 Rxe1
21. Rxe1 Kf7 22. Ne5+ Kg8 23. Ng6 Kf7 24. Nh4 Ne4+ 25. Bxe4 fxe4 26. Rxe4 g5
27. Nf3 Bf5 28. Re3 g4 29. Ne5+ Kf6 30. Rb3 b6 31. Rc3 b5 32. c6 b4 33. Rc5 a5
34. Ke3 h5 35. Rb5 Ke7 36. Nc4 Kf6 37. Rb7  1-0

[Event "M.Chigorin Memorial 2017 "]
[Site "?????-?????????"]
[Date "2017.10.21"]
[Round "1"]
[Board "110"]
[White "Ponomarev, Denis"]
[Black "Konaplev, Anton"]
[Result "0-1"]
[WhiteElo "1811"]
[BlackElo "2298"]
[PlyCount "64"]
[EventDate "2017.10.21"]
[EventRounds "9"]
[EventCountry "RUS"]

1. e4 e6 2. d4 d5 3. e5 c5 4. c3 Qb6 5. Nf3 Nc6 6. Be2 Nh6 7. Bxh6 Qxb2 8. Bc1
Qxa1 9. Qc2 cxd4 10. O-O Bd7 11. Bd2 Rc8 12. Na3 Qxf1+ 13. Bxf1 Bxa3 14. Qb3
dxc3 15. Bxc3 Bc5 16. Qxb7 Bb6 17. Bb5 Rb8 18. Qa6 O-O 19. Qa4 Rfc8 20. h4 Bc5
21. Bd3 d4 22. Bd2 Nxe5 23. Qc2 Nxf3+ 24. gxf3 g6 25. h5 Bf8 26. Qd1 Bg7 27. f4
Bb5 28. Be4 Bc6 29. Bd3 Bd5 30. hxg6 hxg6 31. a4 Bf6 32. Qg4 Rb2  0-1

[Event "M.Chigorin Memorial 2017 "]
[Site "?????-?????????"]
[Date "2017.10.21"]
[Round "1"]
[Board "111"]
[White "Gogin, Maksim"]
[Black "Vasilenko, Ekaterina"]
[Result "1-0"]
[WhiteElo "2296"]
[BlackElo "1806"]
[PlyCount "77"]
[EventDate "2017.10.21"]
[EventRounds "9"]
[EventCountry "RUS"]

1. d4 f5 2. Nf3 Nf6 3. c4 d6 4. g3 g6 5. Bg2 Bg7 6. O-O O-O 7. Nc3 Qe8 8. Nd5
Na6 9. Nxf6+ Bxf6 10. Bh6 Bg7 11. Qd2 c6 12. Bxg7 Kxg7 13. Rfe1 Qf7 14. e4 e6
15. exf5 exf5 16. Qe3 h6 17. Qe7 Qxe7 18. Rxe7+ Rf7 19. Rae1 Bd7 20. c5 d5 21.
Rxf7+ Kxf7 22. Ne5+ Ke7 23. Nxc6+ Kf6 24. Ne7 Re8 25. Nxd5+ Kf7 26. Rxe8 Bxe8
27. a3 Nb8 28. Nb4 a5 29. Nd3 Nc6 30. d5 Nd4 31. f4 Kf6 32. Kf2 Nb3 33. Ke3 Bb5
34. c6 bxc6 35. dxc6 a4 36. c7 Ba6 37. Nb4 Bc8 38. Nd5+ Ke6 39. Nb6  1-0

[Event "M.Chigorin Memorial 2017 "]
[Site "?????-?????????"]
[Date "2017.10.21"]
[Round "1"]
[Board "112"]
[White "Khochinsky, Andrey"]
[Black "Ivlev, Aleksey"]
[Result "0-1"]
[WhiteElo "1803"]
[BlackElo "2296"]
[PlyCount "80"]
[EventDate "2017.10.21"]
[EventRounds "9"]
[EventCountry "RUS"]

1. d4 d5 2. c4 c6 3. Nf3 Nf6 4. Nc3 e6 5. Bg5 dxc4 6. a4 Bb4 7. Bxf6 Qxf6 8. e4
b5 9. g3 Bb7 10. Bg2 Nd7 11. O-O Bxc3 12. bxc3 O-O 13. e5 Qe7 14. Nd2 Nb6 15.
a5 Nd5 16. Ne4 Rad8 17. Qd2 Nc7 18. Nd6 Ne8 19. Nxb7 Qxb7 20. Qb2 Nc7 21. Qa3
Na6 22. Rab1 Qc7 23. f4 f5 24. Rfd1 Rf7 25. Rd2 Rfd7 26. Rbd1 Qb7 27. Qa2 Nc7
28. Qa3 Nd5 29. Qc5 Qc7 30. Qa3 Ne3 31. Rb1 Nxg2 32. Kxg2 c5 33. Rbd1 cxd4 34.
cxd4 c3 35. Rc2 Qb7+ 36. Kh3 b4 37. Qb3 Kf7 38. Rb1 Qe4 39. d5 Rxd5 40. Rcc1
Rd2  0-1

[Event "M.Chigorin Memorial 2017 "]
[Site "?????-?????????"]
[Date "2017.10.21"]
[Round "1"]
[Board "113"]
[White "Smirnov, Timofey"]
[Black "Leonova, Ameliya"]
[Result "1-0"]
[WhiteElo "2294"]
[BlackElo "1798"]
[PlyCount "201"]
[EventDate "2017.10.21"]
[EventRounds "9"]
[EventCountry "RUS"]

1. e4 c5 2. Nf3 Nc6 3. d4 cxd4 4. Nxd4 g6 5. c4 Bg7 6. Be3 Nf6 7. Nc3 O-O 8.
Be2 d6 9. O-O Bd7 10. Qd2 Nxd4 11. Bxd4 Bc6 12. f3 Nd7 13. Be3 a5 14. b3 Nc5
15. Rab1 Qb6 16. Rfc1 Rfc8 17. Qc2 Qd8 18. Qd1 h5 19. Rc2 Kh7 20. a3 e6 21. Na2
Be5 22. Qe1 f5 23. exf5 exf5 24. Qf2 Qf6 25. Rd2 f4 26. Bd4 Re8 27. Bf1 Qf5 28.
Rbb2 Ne6 29. Bxe5 dxe5 30. Bd3 Qg5 31. Nc3 Nd4 32. Be4 Qe7 33. Bxc6 bxc6 34.
Ne4 Qxa3 35. Nf6+ Kg7 36. Nxe8+ Rxe8 37. Rb1 c5 38. Ra2 Qb4 39. Qe1 Qxe1+ 40.
Rxe1 Nxb3 41. Rb1 a4 42. Rxa4 Nd2 43. Rb7+ Kf6 44. Ra6+ Re6 45. Rxe6+ Kxe6 46.
Rb6+ Kf5 47. Rc6 Nxc4 48. Rxc5 Ne3 49. h4 Kf6 50. Rc6+ Kf7 51. Kh2 Nf5 52. Kh3
Ng3 53. Ra6 Nf5 54. g4 fxg3 55. Rb6 g2 56. Rb1 Kf6 57. Rg1 Ne3 58. Kh2 Kf5 59.
Kg3 g5 60. hxg5 Kxg5 61. Kf2 Kf4 62. Ra1 h4 63. Ra4+ Kg5 64. Re4 Nf5 65. Kxg2
Kf6 66. Kh3 Nd4 67. Kg4 h3 68. Re1 h2 69. Kg3 Kf5 70. Kg2 Kf6 71. Re3 Kf5 72.
Kxh2 Kf4 73. Re4+ Kxf3 74. Rxe5 Kf4 75. Re8 Kf3 76. Kg1 Ne2+ 77. Kf1 Nd4 78.
Ke1 Nf5 79. Kd2 Ng3 80. Kd3 Kf4 81. Kd4 Nf5+ 82. Kc5 Kf3 83. Kd5 Ne3+ 84. Kd4
Nf5+ 85. Kd3 Kf4 86. Re4+ Kf3 87. Ra4 Nd6 88. Kd4 Nf5+ 89. Ke5 Ne3 90. Ra3 Kf2
91. Ke4 Ng4 92. Kf4 Nf6 93. Ra2+ Ke1 94. Ra5 Ke2 95. Kf5 Nh5 96. Kg4 Nf6+ 97.
Kf4 Kd3 98. Kf5 Nh5 99. Kg5 Ng7 100. Re5 Kd4 101. Re7  1-0

[Event "M.Chigorin Memorial 2017 "]
[Site "?????-?????????"]
[Date "2017.10.21"]
[Round "1"]
[Board "114"]
[White "Titievskaya, Elizaveta"]
[Black "Yeritsyan, Aram"]
[Result "0-1"]
[WhiteElo "1798"]
[BlackElo "2293"]
[PlyCount "84"]
[EventDate "2017.10.21"]
[EventRounds "9"]
[EventCountry "RUS"]

1. e4 e5 2. Nf3 Nc6 3. Bb5 a6 4. Ba4 Nf6 5. O-O Be7 6. Re1 b5 7. Bb3 O-O 8. c3
d5 9. exd5 Nxd5 10. Nxe5 Nxe5 11. Rxe5 c6 12. d4 Bd6 13. Re1 Qh4 14. g3 Qh3 15.
Qf3 Bg4 16. Qg2 Qh5 17. Be3 Bf3 18. Qf1 f5 19. Nd2 f4 20. Nxf3 fxe3 21. fxe3
Rxf3 22. Qg2 Raf8 23. Bd1 Qg4 24. a4 h5 25. e4 Nb6 26. axb5 axb5 27. Bxf3 Rxf3
28. e5 Be7 29. Ra6 Nd5 30. Ra8+ Kh7 31. Rf1 Rxf1+ 32. Qxf1 h4 33. b3 hxg3 34.
Qd3+ g6 35. hxg3 Nf4 36. Qe3 Bg5 37. Qe1 Nd3 38. Qf1 Qxg3+ 39. Qg2 Qe1+ 40. Kh2
Bf4+ 41. Kh3 Nf2+ 42. Kh4 g5+  0-1

[Event "M.Chigorin Memorial 2017 "]
[Site "?????-?????????"]
[Date "2017.10.21"]
[Round "1"]
[Board "115"]
[White "Vasilyev, Vasily"]
[Black "Vasilyev, Alexey"]
[Result "1-0"]
[WhiteElo "2291"]
[BlackElo "1794"]
[PlyCount "107"]
[EventDate "2017.10.21"]
[EventRounds "9"]
[EventCountry "RUS"]

1. d4 Nf6 2. Nf3 e6 3. c4 Bb4+ 4. Bd2 c5 5. g3 O-O 6. Bg2 Bxd2+ 7. Qxd2 cxd4 8.
Nxd4 Nc6 9. Nc3 d5 10. cxd5 exd5 11. O-O Qb6 12. Nxc6 bxc6 13. Rac1 Qb4 14.
Rfd1 Ba6 15. e3 Rfc8 16. Ne4 Qxd2 17. Nxf6+ gxf6 18. Rxd2 Bb7 19. Rc5 a5 20.
Rd4 a4 21. Bh3 Rd8 22. Bf5 Ra6 23. Rg4+ Kf8 24. Bxh7 Ke7 25. Rb4 Rd7 26. Bd3
Ra8 27. Rc3 a3 28. Rxa3 Rxa3 29. bxa3 c5 30. Rb6 c4 31. Bf5 Rc7 32. h4 Bc8 33.
Bc2 Rd7 34. h5 Rd8 35. h6 Rh8 36. Rb8 Kd6 37. Rb6+ Ke7 38. h7 Be6 39. f3 f5 40.
g4 fxg4 41. fxg4 Bxg4 42. a4 Bd7 43. a5 Kf8 44. a6 Kg7 45. a7 c3 46. Kf2 d4 47.
exd4 Be6 48. Rb8 Bd5 49. Ke3 f5 50. Bxf5 Bc6 51. Rxh8 Kxh8 52. Be4 Ba8 53. Bxa8
c2 54. Kd2  1-0

[Event "M.Chigorin Memorial 2017 "]
[Site "?????-?????????"]
[Date "2017.10.21"]
[Round "1"]
[Board "116"]
[White "Don, Aleksandr"]
[Black "Evdokimov, Alexey"]
[Result "0-1"]
[WhiteElo "1793"]
[BlackElo "2280"]
[PlyCount "134"]
[EventDate "2017.10.21"]
[EventRounds "9"]
[EventCountry "RUS"]

1. d4 Nf6 2. c4 g6 3. Nc3 Bg7 4. e4 O-O 5. Be2 d6 6. g4 c5 7. d5 e6 8. g5 Ne8
9. h4 exd5 10. Nxd5 Nc6 11. Nf3 Nc7 12. h5 Re8 13. hxg6 hxg6 14. Rh4 Ne6 15.
Qd3 a6 16. a4 Rb8 17. Bd2 Ncd4 18. Bc3 Nxg5 19. Nxd4 cxd4 20. Bxd4 Nf3+ 21.
Bxf3 Qxh4 22. Bxg7 Kxg7 23. Qd4+ f6 24. O-O-O Be6 25. Ne3 Qf4 26. Be2 Bf7 27.
Bd3 Qe5 28. Qb6 Qc5 29. Qxc5 dxc5 30. Rg1 Rbd8 31. Kc2 Rh8 32. Kc3 Rh2 33. f4
Rh3 34. Nd5 Bxd5 35. exd5 Kf7 36. Kc2 f5 37. a5 Re8 38. Rd1 Rf3 39. Kc3 Rxf4
40. b4 cxb4+ 41. Kxb4 Ke7 42. Kc5 Rf2 43. Rh1 Rc8+ 44. Kd4 Rf4+ 45. Ke5 Rf3 46.
Rh7+ Ke8 47. Rh8+ Kd7 48. Rh7+ Kd8 49. Kd6 Rc6+ 50. dxc6 Rxd3+ 51. Kc5 bxc6 52.
Kxc6 f4 53. c5 f3 54. Kb7 g5 55. Rh8+ Ke7 56. c6 f2 57. Rh1 Rb3+ 58. Kxa6 Kd6
59. Rh6+ Kc7 60. Rf6 Rb2 61. Ka7 g4 62. a6 g3 63. Ka8 g2 64. a7 g1=Q 65. Rf7+
Kd6 66. Rd7+ Ke6 67. Rb7 Rc2  0-1

[Event "M.Chigorin Memorial 2017 "]
[Site "?????-?????????"]
[Date "2017.10.21"]
[Round "1"]
[Board "117"]
[White "Artamonov, Valery"]
[Black "Mustafayev, Nihad"]
[Result "1-0"]
[WhiteElo "2273"]
[BlackElo "1788"]
[PlyCount "57"]
[EventDate "2017.10.21"]
[EventRounds "9"]
[EventCountry "RUS"]

1. c4 Nf6 2. Nc3 g6 3. e4 d6 4. g3 Bg7 5. Bg2 O-O 6. Nge2 c5 7. O-O Nc6 8. d3
Nd4 9. Nxd4 cxd4 10. Ne2 e5 11. h3 Bd7 12. a4 b6 13. f4 Rc8 14. Bd2 Bc6 15. f5
a6 16. g4 h6 17. g5 hxg5 18. Bxg5 b5 19. axb5 axb5 20. cxb5 Bxb5 21. fxg6 Be8
22. gxf7+ Bxf7 23. Ng3 Bg6 24. h4 Qd7 25. h5 Bh7 26. h6 Bh8 27. Nf5 Bg6 28. Ra6
Ne8 29. Ne7+  1-0

[Event "M.Chigorin Memorial 2017 "]
[Site "?????-?????????"]
[Date "2017.10.21"]
[Round "1"]
[Board "118"]
[White "Shakhmatov, Roman"]
[Black "Klepikov, Nikita"]
[Result "1/2-1/2"]
[WhiteElo "1787"]
[BlackElo "2272"]
[PlyCount "101"]
[EventDate "2017.10.21"]
[EventRounds "9"]
[EventCountry "RUS"]

1. e4 d5 2. exd5 Nf6 3. Bb5+ Nbd7 4. c4 e6 5. dxe6 fxe6 6. Nf3 c6 7. Ba4 e5 8.
Nc3 e4 9. Qe2 Be7 10. Ng5 Nc5 11. Bc2 Nd3+ 12. Bxd3 exd3 13. Qe5 O-O 14. Ne6
Bd6 15. Qe3 Bxe6 16. Qxe6+ Kh8 17. O-O Qc7 18. Qh3 Rae8 19. b3 Re5 20. Qxd3 Ng4
21. Ne4 Rxe4 22. Qxe4 Bxh2+ 23. Kh1 Qg3 24. Qe7 Nxf2+ 25. Rxf2 Qxf2 26. Bb2 Rf7
27. Qd8+ Rf8 28. Qg5 Rf6 29. Bxf6 gxf6 30. Qh6 Bd6 31. d4 Kg8 32. d5 Be5 33.
Rd1 Qe2 34. Rc1 c5 35. Qh4 Kg7 36. Re1 Qxa2 37. Qg4+ Kh6 38. Rxe5 Qa1+ 39. Kh2
Qxe5+ 40. g3 f5 41. Qg8 Qe2+ 42. Kg1 Qe1+ 43. Kg2 Qd2+ 44. Kh3 Qd4 45. Qe6+ Kg5
46. Qg8+ Kh6 47. Qe6+ Kg5 48. Qg8+ Kh6 49. Qe6+ Kg5 50. Qg8+ Kf6 51. Qe6+
 1/2-1/2

[Event "M.Chigorin Memorial 2017 "]
[Site "?????-?????????"]
[Date "2017.10.21"]
[Round "1"]
[Board "119"]
[White "Obgolts, Erik"]
[Black "Pankova, Julia"]
[Result "1-0"]
[WhiteElo "2271"]
[BlackElo "1785"]
[PlyCount "83"]
[EventDate "2017.10.21"]
[EventRounds "9"]
[EventCountry "RUS"]

1. Nf3 c5 2. e4 Nc6 3. Bb5 g6 4. O-O Bg7 5. Re1 e5 6. c3 Nge7 7. d3 O-O 8. Nbd2
d6 9. Nf1 h6 10. Ng3 Be6 11. Ba4 Kh7 12. Bb3 Qd7 13. Bxe6 Qxe6 14. Be3 f5 15.
d4 f4 16. d5 Qc8 17. dxc6 Qxc6 18. c4 fxe3 19. Rxe3 Rad8 20. Rd3 Rd7 21. Qd2
Rfd8 22. h4 b5 23. Rc1 bxc4 24. Rxc4 Qb5 25. b3 Qb7 26. Qe2 Rf8 27. h5 g5 28.
Qd1 Rfd8 29. Nf1 Nc6 30. Ne3 Ne7 31. Nd5 Nxd5 32. Rxd5 Qb6 33. Nh2 Rf7 34. Ng4
a5 35. Ne3 Qc7 36. Rcxc5 dxc5 37. Rxd8 Qc6 38. Qd5 Qc7 39. Nf5 Bf6 40. Rc8 Qa7
41. Nd6 Rg7 42. Ne8  1-0

[Event "M.Chigorin Memorial 2017 "]
[Site "?????-?????????"]
[Date "2017.10.21"]
[Round "1"]
[Board "120"]
[White "Protasova, Anastasia"]
[Black "Rjabzev, Konstantin"]
[Result "0-1"]
[WhiteElo "1780"]
[BlackElo "2270"]
[PlyCount "56"]
[EventDate "2017.10.21"]
[EventRounds "9"]
[EventCountry "RUS"]

1. d4 d5 2. c4 e6 3. Nf3 Nf6 4. Nc3 Be7 5. Bf4 O-O 6. e3 Nbd7 7. c5 Ne4 8. Nxe4
dxe4 9. Nd2 f5 10. c6 bxc6 11. Qa4 Bd6 12. Qxc6 Nb6 13. Bxd6 cxd6 14. Nc4 Nxc4
15. Bxc4 Rb8 16. Bb3 Bd7 17. Qc3 d5 18. O-O f4 19. exf4 Rxf4 20. f3 Bb5 21. Rf2
Qf6 22. Qe3 Rf8 23. Rd1 exf3 24. Rxf3 Rxf3 25. gxf3 Qxf3 26. Qxe6+ Kh8 27. Qxd5
Qf2+ 28. Kh1 Be2  0-1

[Event "M.Chigorin Memorial 2017 "]
[Site "?????-?????????"]
[Date "2017.10.21"]
[Round "1"]
[Board "121"]
[White "Murzin, Volodar"]
[Black "Smorodkin, Kirill"]
[Result "1/2-1/2"]
[WhiteElo "2270"]
[BlackElo "1769"]
[PlyCount "81"]
[EventDate "2017.10.21"]
[EventRounds "9"]
[EventCountry "RUS"]

1. e4 c5 2. Nf3 e6 3. g3 Nc6 4. Bg2 d5 5. exd5 exd5 6. O-O Nf6 7. d4 Bg4 8.
Re1+ Be7 9. dxc5 O-O 10. Nbd2 Bxc5 11. Nb3 Bb6 12. Be3 Bxe3 13. Rxe3 Qb6 14. h3
Bxf3 15. Bxf3 Rad8 16. Kg2 Rd7 17. Qd2 Rfd8 18. Rae1 h6 19. R3e2 d4 20. Qf4 d3
21. cxd3 Nb4 22. Nc1 Nxd3 23. Nxd3 Rxd3 24. b3 R3d7 25. h4 Rd4 26. Qe3 R4d6 27.
Qxb6 Rxb6 28. Rc2 Rd7 29. Ree2 Rbd6 30. Re5 g6 31. Rec5 b6 32. Rc7 h5 33. Kf1
Kg7 34. Ke2 Re6+ 35. Kf1 Red6 36. Ke2 Re6+ 37. Kf1 Red6 38. Ke2 Re6+ 39. Kf1
Red6 40. Ke2 Re6+ 41. Kf1  1/2-1/2

[Event "M.Chigorin Memorial 2017 "]
[Site "?????-?????????"]
[Date "2017.10.21"]
[Round "1"]
[Board "122"]
[White "Patarin, Arnaud"]
[Black "Grinblat, Artemiy"]
[Result "1/2-1/2"]
[WhiteElo "1766"]
[BlackElo "2268"]
[PlyCount "80"]
[EventDate "2017.10.21"]
[EventRounds "9"]
[EventCountry "RUS"]

1. c4 e5 2. Nc3 d6 3. g3 f5 4. Bg2 Nf6 5. e3 g6 6. Nge2 Bg7 7. O-O O-O 8. b3 c6
9. d4 e4 10. Ba3 g5 11. Rc1 Kh8 12. b4 Nbd7 13. b5 c5 14. Nd5 Nxd5 15. cxd5 b6
16. Bb2 Nf6 17. Nc3 Bb7 18. f3 Nxd5 19. Nxd5 Bxd5 20. fxe4 Bxe4 21. Bxe4 fxe4
22. Qg4 Qe7 23. Rxf8+ Rxf8 24. Rf1 Rxf1+ 25. Kxf1 cxd4 26. Qc8+ Qf8+ 27. Qxf8+
Bxf8 28. exd4 d5 29. g4 Bd6 30. h3 Kg7 31. Ke2 Kf6 32. a4 Ke6 33. Bc1 h6 34.
Bb2 Bf4 35. Bc3 Bc1 36. Ba1 Ba3 37. Bc3 Bd6 38. Bb2 Bf4 39. Bc3 Bg3 40. Bb2 Bd6
 1/2-1/2

[Event "M.Chigorin Memorial 2017 "]
[Site "?????-?????????"]
[Date "2017.10.21"]
[Round "1"]
[Board "123"]
[White "Makarian, Rudik"]
[Black "Shilnikov, Igor S."]
[Result "0-1"]
[WhiteElo "2263"]
[BlackElo "1762"]
[PlyCount "86"]
[EventDate "2017.10.21"]
[EventRounds "9"]
[EventCountry "RUS"]

1. e4 e5 2. Bc4 Nf6 3. d3 Bc5 4. Nc3 c6 5. Bg5 b5 6. Bb3 h6 7. Bh4 a5 8. a3 d6
9. Nge2 g5 10. Bg3 Nh5 11. d4 Nxg3 12. fxg3 Bb6 13. Rf1 O-O 14. Qd3 Nd7 15. Qf3
Qe7 16. Qh5 Kg7 17. O-O-O Nf6 18. Qf3 Bg4 19. Qe3 b4 20. h3 Be6 21. Na4 Ba7 22.
Qd3 Bxb3 23. cxb3 bxa3 24. g4 a2 25. Kc2 exd4 26. Ng3 Qe6 27. Rf5 c5 28. Rdf1
Nd7 29. e5 dxe5 30. Qe4 Rab8 31. Nh5+ Kh8 32. Rf6 Nxf6 33. Nxf6 Qxb3+ 34. Kd2
Qe3+ 35. Kc2 Qxe4+ 36. Nxe4 f5 37. gxf5 Rxf5 38. Re1 c4 39. Ra1 Rf4 40. Nd2 d3+
41. Kd1 e4 42. Rxa2 Be3 43. g3 Rf2  0-1